000
00313nam a2200121Ia 4500
005
20251222152644.0
008
251222s9999||||xx |||||||||||||| ||spa||
020
_a
8471308118
082
_a
346.4607/S23/T.II
100
_a
Sánchez Calero, Fernando
245
0
_a
Instituciones de Derecho Mercantil:
942
_c
LIB
999
_c
28199
_d
28199